[Event "Czech Open Rapid 2019"]
[Site "Pardubice"]
[Date "2019.07.18"]
[Round "5.10"]
[White "Fedotov, Konstantin"]
[Black "JIRKA, Jiri"]
[Result "0-1"]
[WhiteElo "2020"]
[BlackElo "2447"]
[Annotator "NA"]
[PlyCount "93"]
[EventDate "2019.07.17"]
[EventType "swiss"]
[EventCountry "CZE"]
[SourceTitle "playchess.com"]
[Source "ChessBase"]
[SourceQuality "1"]

1. e4 e5 2. Bc4 Nc6 3. d3 Na5 4. Nd2 Nf6 5. h3 Bc5 6. Ngf3 Nxc4 7. Nxc4 d6 8. Be3 Bb6 9. Nxb6 axb6 10. g4 Be6 11. a3 Nd7 12. Ng5 Nf8 13. f4 exf4 14. Bxf4 h6 15. Nf3 Qf6 16. Be3 Qe7 17. Bd4 f6 18. c4 h5 19. Rg1 Qd7 20. g5 f5 21. Qe2 fxe4 22. Qxe4 O-O-O 23. h4 Bg4 24. Nh2 Re8 25. Qxe8+ Qxe8+ 26. Kd2 Qe2+ 27. Kc3 Qxh2 28. Bxg7 Rg8 29. Bf6 Ne6 30. Rge1 Qxh4 31. Re3 Qf2 32. Rae1 h4 33. d4 Kb8 34. d5 Nc5 35. Bd4 Qf5 36. b4 Nd7 37. a4 Qxg5 38. a5 Rc8 39. axb6 Nxb6 40. Re7 h3 41. Rg7 Qh4 42. Re4 Qg3+ 43. Re3 Qf4 44. Ree7 Qc1+ 45. Kd3 Qxc4+ 46. Ke3 Nxd5+ 47. Ke4 0-1

[Event "Czech Open Rapid 2019"]
[Site "Pardubice"]
[Date "2019.07.18"]
[Round "5.11"]
[White "Gazik, Viktor"]
[Black "Biolek, Richard Jr."]
[Result "1/2-1/2"]
[WhiteElo "2462"]
[BlackElo "2344"]
[Annotator "ChessBase"]
[PlyCount "72"]
[EventDate "2019.07.17"]
[EventType "swiss"]
[EventCountry "CZE"]
[SourceTitle "playchess.com"]
[Source "ChessBase"]
[SourceQuality "1"]

1. Nf3 Nc6 2. c4 e5 3. Nc3 Nf6 4. g3 g6 5. Bg2 Bg7 6. d3 O-O 7. O-O d6 8. Rb1 a5 9. a3 Be6 10. b4 axb4 11. axb4 Qd7 12. Ng5 Bf5 13. b5 Nd8 14. e4 Bg4 15. f3 Be6 16. f4 exf4 17. gxf4 Bg4 18. Qe1 h6 19. Nf3 Ne6 20. Be3 Ra3 21. Bc1 Raa8 22. Be3 Ra3 23. Rc1 Nh5 24. Nh4 Nd4 25. Kh1 Nb3 26. Rb1 Nc5 27. d4 Bh3 28. f5 Bxg2+ 29. Nxg2 Re8 30. e5 Nd3 31. Qd2 dxe5 32. Qxd3 exd4 33. Rbd1 Qd6 34. c5 Qxc5 35. fxg6 f5 36. Bxd4 Bxd4 1/2-1/2

[Event "Czech Open Rapid 2019"]
[Site "Pardubice"]
[Date "2019.07.18"]
[Round "5.11"]
[White "Novik, Maxim"]
[Black "Jezbera, Jiri"]
[Result "1-0"]
[WhiteElo "2450"]
[BlackElo "2133"]
[Annotator "TA"]
[PlyCount "76"]
[EventDate "2019.07.17"]
[EventType "swiss"]
[EventCountry "CZE"]
[SourceTitle "playchess.com"]
[Source "ChessBase"]
[SourceQuality "1"]

1. d4 Nf6 2. Bg5 g6 3. Bxf6 exf6 4. e3 Bg7 5. c4 O-O 6. Nc3 d6 7. g3 f5 8. Bg2 Nd7 9. Nge2 Nf6 10. O-O c6 11. Qd3 Qc7 12. b4 Be6 13. Rab1 Rfe8 14. Nf4 g5 15. Nxe6 fxe6 16. Rfc1 Qd7 17. b5 Rac8 18. bxc6 bxc6 19. Rb3 Rb8 20. Rcb1 Rxb3 21. Rxb3 h6 22. Qb1 Re7 23. Rb8+ Kf7 24. e4 Ng4 25. Ne2 h5 26. d5 cxd5 27. cxd5 exd5 28. exf5 Rxe2 29. Rb7 Re1+ 30. Qxe1 Qxb7 31. Qe6+ Kf8 32. Bxd5 Qb1+ 33. Kg2 Ne3+ 34. fxe3 Qb2+ 35. Kh3 g4+ 36. Kh4 Bf6+ 37. Kxh5 Qxh2+ 38. Kg6 Bg7 1-0

[Event "Czech Open Rapid 2019"]
[Site "Pardubice"]
[Date "2019.07.18"]
[Round "5.12"]
[White "Peng, Li Min"]
[Black "Turner, Jan"]
[Result "1-0"]
[WhiteElo "2455"]
[BlackElo "2330"]
[Annotator "ChessBase"]
[PlyCount "66"]
[EventDate "2019.07.17"]
[EventType "swiss"]
[EventCountry "CZE"]
[SourceTitle "playchess.com"]
[Source "ChessBase"]
[SourceQuality "1"]

1. e4 e6 2. d4 d5 3. Nc3 Bb4 4. Nge2 dxe4 5. a3 Bxc3+ 6. Nxc3 Nc6 7. d5 Nce7 8. Qg4 exd5 9. Qxg7 Ng6 10. h4 N8e7 11. Bg5 Be6 12. O-O-O Nf5 13. Bxd8 Nxg7 14. Bf6 O-O 15. h5 c6 16. hxg6 fxg6 17. Bd4 Nf5 18. Ne2 b6 19. f3 exf3 20. gxf3 c5 21. Bf2 d4 22. Ng3 Nxg3 23. Bxg3 Bd5 24. Re1 Rae8 25. Rxe8 Rxe8 26. Bg2 Re2 27. Rh2 Kg7 28. Bh1 Re3 29. Kd2 Re7 30. Bf4 h5 31. Bg5 Re8 32. f4 Bxh1 33. Rxh1 Re3 1-0

[Event "Czech Open Rapid 2019"]
[Site "Pardubice"]
[Date "2019.07.18"]
[Round "5.12"]
[White "Uhmann, Jan Jr"]
[Black "Blatny, Pavel"]
[Result "1-0"]
[WhiteElo "2043"]
[BlackElo "2321"]
[Annotator "TA"]
[PlyCount "123"]
[EventDate "2019.07.17"]
[EventType "swiss"]
[EventCountry "CZE"]
[SourceTitle "playchess.com"]
[Source "ChessBase"]
[SourceQuality "1"]

1. e4 b6 2. d4 Bb7 3. Nc3 e6 4. f3 Ne7 5. Be3 g6 6. Qd2 h6 7. Bc4 Bg7 8. Nge2 a6 9. e5 d5 10. exd6 cxd6 11. d5 b5 12. Bb3 e5 13. f4 Nd7 14. Ne4 Qc7 15. g4 h5 16. g5 Nf5 17. N2g3 Nxe3 18. Qxe3 Nb6 19. O-O-O O-O-O 20. Nf6 Bxf6 21. gxf6 Rhe8 22. Rhe1 Nc4 23. Qf2 exf4 24. Rxe8 Rxe8 25. Qxf4 Ne5 26. Ne4 a5 27. Nc3 Ba6 28. a4 b4 29. Nb5 Bxb5 30. axb5 Qc5 31. Qd4 Qxd4 32. Rxd4 Kb7 33. c4 Kb6 34. Rd1 Kc5 35. Kb1 Ra8 36. Rc1 a4 37. Bd1 Nd3 38. Rc2 b3 39. Re2 Ne5 40. Re4 Nxc4 41. Re7 Ne5 42. Be2 Kxd5 43. Rxf7 Nxf7 44. Bf3+ Ke5 45. Bxa8 Kxf6 46. b6 Nd8 47. Bg2 g5 48. b7 Nxb7 49. Bxb7 Ke5 50. Kc1 g4 51. Kd2 Kf4 52. Bc6 h4 53. Bxa4 Kf3 54. Bc6+ Kf2 55. Kc3 Kg1 56. Bd7 g3 57. hxg3 hxg3 58. Kxb3 Kf2 59. Bc6 g2 60. Bxg2 Kxg2 61. Kc4 Kf3 62. Kd5 1-0

[Event "Czech Open Rapid 2019"]
[Site "Pardubice"]
[Date "2019.07.18"]
[Round "5.13"]
[White "Zanan, Evgeny"]
[Black "Skliarov, Viktor"]
[Result "0-1"]
[WhiteElo "2446"]
[BlackElo "2309"]
[Annotator "NA"]
[PlyCount "40"]
[EventDate "2019.07.17"]
[EventType "swiss"]
[EventCountry "CZE"]
[SourceTitle "playchess.com"]
[Source "ChessBase"]
[SourceQuality "1"]

1. d4 Nf6 2. c4 e6 3. Nc3 Bb4 4. Qc2 c5 5. dxc5 Na6 6. a3 Bxc3+ 7. Qxc3 Nxc5 8. f3 d5 9. cxd5 b6 10. b4 Na4 11. Qb3 b5 12. e4 a6 13. Ne2 O-O 14. Bg5 h6 15. Bh4 Re8 16. Rd1 exd5 17. Nc3 Nxc3 18. Qxc3 Nxe4 19. fxe4 Qxh4+ 20. Qg3 Qxe4+ 0-1

[Event "Czech Open Rapid 2019"]
[Site "Pardubice"]
[Date "2019.07.18"]
[Round "5.13"]
[White "ZDRAZIL, Jan"]
[Black "CHUDINOVSKIKH, Alexander M"]
[Result "1-0"]
[WhiteElo "1846"]
[BlackElo "2212"]
[Annotator "NA"]
[PlyCount "105"]
[EventDate "2019.07.17"]
[EventType "swiss"]
[EventCountry "CZE"]
[SourceTitle "playchess.com"]
[Source "ChessBase"]
[SourceQuality "1"]

1. e4 e5 2. Nf3 Nc6 3. Bb5 a6 4. Ba4 Nf6 5. O-O Be7 6. Re1 b5 7. Bb3 O-O 8. a4 b4 9. d3 d6 10. Nbd2 Na5 11. Ba2 Rb8 12. Nf1 Be6 13. Bxe6 fxe6 14. d4 exd4 15. Nxd4 Qd7 16. b3 c5 17. Nf3 Nc6 18. Qe2 Ng4 19. Bb2 a5 20. Rad1 Rbe8 21. h3 Nh6 22. Ne3 Qc7 23. Qc4 Qc8 24. Qb5 Kh8 25. Qe2 Qc7 26. Nc4 Rf7 27. Qd2 Rd8 28. Qxh6 Rdf8 29. Qd2 Rxf3 30. gxf3 Rxf3 31. Re3 Rf4 32. Rg3 e5 33. Nxd6 Bh4 34. Rg2 Nd4 35. Bxd4 cxd4 36. Nf5 Bf6 37. Qd3 g6 38. Ng3 h5 39. Ne2 Rh4 40. Rxg6 Qh7 41. Qg3 Qf7 42. Qg2 Kh7 43. Rg3 Qc7 44. Qf3 Bg7 45. Rd2 Kh8 46. Nc1 Qe7 47. Nd3 Bh6 48. Rd1 Bg7 49. Qf5 Qc7 50. Rd2 Qe7 51. f3 Bh6 52. Rdg2 Be3+ 53. Kh2 1-0

[Event "Czech Open Rapid 2019"]
[Site "Pardubice"]
[Date "2019.07.18"]
[Round "5.14"]
[White "Mirzoev, Emil"]
[Black "Piesik, Piotr"]
[Result "1/2-1/2"]
[WhiteElo "2493"]
[BlackElo "2332"]
[Annotator "ChessBase"]
[PlyCount "79"]
[EventDate "2019.07.17"]
[EventType "swiss"]
[EventCountry "CZE"]
[SourceTitle "playchess.com"]
[Source "ChessBase"]
[SourceQuality "1"]

1. c4 g6 2. d4 Bg7 3. e4 d6 4. Nc3 Nd7 5. Be3 e5 6. d5 a5 7. Bd3 Ngf6 8. f3 Nc5 9. Bc2 Nh5 10. Nge2 f5 11. exf5 Bxf5 12. Bxc5 dxc5 13. Ba4+ Bd7 14. Ne4 b6 15. N2c3 O-O 16. Bxd7 Qxd7 17. Qd2 Rf4 18. O-O Bh6 19. Qe2 Rf7 20. g3 Ng7 21. g4 Bf4 22. Kg2 Raf8 23. Nf2 Ne8 24. Nce4 Qe7 25. Nd3 Qh4 26. Kh1 Nd6 27. Nxd6 cxd6 28. Rg1 Kg7 29. Raf1 Rh8 30. Rg2 h5 31. g5 Rf5 32. Rfg1 Rhf8 33. Nf2 Kf7 34. Ne4 Ke7 35. Qd3 Qh3 36. Nf2 Qh4 37. Qb3 Rb8 38. Ne4 Qh3 39. Nf2 Qh4 40. Ne4 1/2-1/2

[Event "Czech Open Rapid 2019"]
[Site "Pardubice"]
[Date "2019.07.18"]
[Round "5.14"]
[White "SOURAL, Jan"]
[Black "DOBES, Vojtech"]
[Result "1-0"]
[WhiteElo "2162"]
[BlackElo "2092"]
[Annotator "NA"]
[PlyCount "49"]
[EventDate "2019.07.17"]
[EventType "swiss"]
[EventCountry "CZE"]
[SourceTitle "playchess.com"]
[Source "ChessBase"]
[SourceQuality "1"]

1. d4 Nf6 2. c4 e6 3. g3 d5 4. Bg2 Be7 5. Nf3 O-O 6. O-O dxc4 7. Qc2 a6 8. Qxc4 b5 9. Qc2 Bb7 10. Bd2 Nbd7 11. Ba5 Rc8 12. Nbd2 Nb6 13. b4 Nfd7 14. e3 Nb8 15. Ng5 Bxg5 16. Bxb7 N8d7 17. Bxa6 Rb8 18. Bxb5 Nd5 19. a4 Qe7 20. Bxd7 Qxd7 21. Nf3 Bxe3 22. fxe3 Nxe3 23. Qxc7 Qxc7 24. Bxc7 Rxb4 25. Bd6 1-0

[Event "Czech Open Rapid 2019"]
[Site "Pardubice"]
[Date "2019.07.18"]
[Round "5.15"]
[White "Meleshko, Volodymyr"]
[Black "Gagare, Shardul"]
[Result "1-0"]
[WhiteElo "2269"]
[BlackElo "2415"]
[Annotator "NA"]
[PlyCount "77"]
[EventDate "2019.07.17"]
[EventType "swiss"]
[EventCountry "CZE"]
[SourceTitle "playchess.com"]
[Source "ChessBase"]
[SourceQuality "1"]

1. d4 Nf6 2. Nf3 d5 3. g3 Bf5 4. Bg2 e6 5. c4 c6 6. Nbd2 Nbd7 7. Nh4 Bg4 8. h3 Bh5 9. Qb3 Qb6 10. c5 Qc7 11. e4 dxe4 12. Nxe4 Nxe4 13. Bxe4 Be7 14. Bf4 Qa5+ 15. Bd2 Qc7 16. Bf4 Qc8 17. Bf3 Bxf3 18. Nxf3 b6 19. cxb6 axb6 20. O-O O-O 21. Rac1 Qb7 22. a3 b5 23. Rc2 Rfc8 24. Rfc1 Bf6 25. Bd6 Nb6 26. Bc5 Nd5 27. Nd2 Bg5 28. f4 Be7 29. Ne4 Rd8 30. Kh2 h6 31. Re1 Qc7 32. Bxe7 Nxe7 33. Qxb5 Qxf4 34. Qb7 Qf5 35. Qxe7 Rxd4 36. Rf2 Qg6 37. Nd6 Rf8 38. Nxf7 Rd3 39. Qxf8+ 1-0

[Event "Czech Open Rapid 2019"]
[Site "Pardubice"]
[Date "2019.07.18"]
[Round "5.15"]
[White "Hrabinska, Myroslava"]
[Black "KARALKIN, Maksim"]
[Result "0-1"]
[WhiteElo "2243"]
[BlackElo "2091"]
[Annotator "NA"]
[PlyCount "58"]
[EventDate "2019.07.17"]
[EventType "swiss"]
[EventCountry "CZE"]
[SourceTitle "playchess.com"]
[Source "ChessBase"]
[SourceQuality "1"]

1. e4 e5 2. Nf3 Nc6 3. d4 exd4 4. c3 d5 5. exd5 Qxd5 6. cxd4 Bg4 7. Be2 Bb4+ 8. Nc3 Bxf3 9. Bxf3 Qc4 10. Qb3 Qxb3 11. axb3 Nge7 12. Be3 a6 13. O-O O-O-O 14. Ra4 a5 15. Nb5 Nd5 16. Rc1 Rhe8 17. Bg5 f6 18. Bh4 Nf4 19. Kf1 Nd3 20. Raa1 Nxc1 21. Rxc1 Bd2 22. Rd1 Nxd4 23. Bg4+ Kb8 24. Nxc7 Kxc7 25. Bg3+ Kb6 26. Rxd2 Nxb3 27. Rc2 Rd2 28. Rc3 Rd1+ 29. Bxd1 Nd2+ 0-1

[Event "Czech Open Rapid 2019"]
[Site "Pardubice"]
[Date "2019.07.18"]
[Round "5.16"]
[White "Rytenko, Vsevolod"]
[Black "Matviishen, Viktor"]
[Result "1/2-1/2"]
[WhiteElo "2268"]
[BlackElo "2396"]
[Annotator "TA"]
[PlyCount "121"]
[EventDate "2019.07.17"]
[EventType "swiss"]
[EventCountry "CZE"]
[SourceTitle "playchess.com"]
[Source "ChessBase"]
[SourceQuality "1"]

1. d4 Nf6 2. Nf3 e6 3. g3 d5 4. c4 Bb4+ 5. Bd2 Be7 6. Bg2 O-O 7. O-O c6 8. Bf4 Nbd7 9. Qc2 b6 10. cxd5 cxd5 11. Bc7 Qe8 12. Nc3 Ba6 13. Qa4 Qc8 14. Rfc1 Bc4 15. Bf4 Qb7 16. Ne5 b5 17. Qd1 Nxe5 18. dxe5 Ne4 19. b3 Ba3 20. Nxe4 dxe4 21. bxc4 Bxc1 22. Qxc1 Rac8 23. c5 Qd5 24. Qe3 Qxc5 25. Qxc5 Rxc5 26. Bxe4 g5 27. Be3 Rxe5 28. Bd3 a5 29. Rc1 b4 30. Rc7 Rd5 31. Ra7 Rc8 32. Bb6 Rc1+ 33. Kg2 Ra1 34. Rxa5 Rxa5 35. Bxa5 b3 36. axb3 Rxa5 37. b4 Ra4 38. b5 f5 39. h3 Kg7 40. Kf3 Kf6 41. Ke3 Ke5 42. Bc2 Rb4 43. Bd3 h5 44. h4 gxh4 45. f4+ Kd5 46. gxh4 Ra4 47. Kf3 Ra3 48. Ke3 Kc5 49. Kf3 Ra1 50. e4 Rh1 51. exf5 Rh3+ 52. Ke2 exf5 53. Bxf5 Rxh4 54. Kf3 Kxb5 55. Kg3 Rh1 56. Be4 Re1 57. Bf3 Re3 58. Kf2 Ra3 59. Bxh5 Kc5 60. f5 Kd6 61. Bf7 1/2-1/2

[Event "Czech Open Rapid 2019"]
[Site "Pardubice"]
[Date "2019.07.18"]
[Round "5.16"]
[White "NIKOLOGORSKY, Matfei"]
[Black "Nehyba, Martin"]
[Result "1-0"]
[WhiteElo "2148"]
[BlackElo "2090"]
[Annotator "NA"]
[PlyCount "41"]
[EventDate "2019.07.17"]
[EventType "swiss"]
[EventCountry "CZE"]
[SourceTitle "playchess.com"]
[Source "ChessBase"]
[SourceQuality "1"]

1. e4 c5 2. Nf3 Nc6 3. d4 cxd4 4. Nxd4 Nf6 5. Nc3 e6 6. Ndb5 d6 7. Bf4 e5 8. Bg5 a6 9. Bxf6 gxf6 10. Na3 b5 11. Nd5 f5 12. g3 Bg7 13. Bg2 O-O 14. exf5 Bxf5 15. Ne3 Nd4 16. c3 b4 17. cxd4 bxa3 18. Nxf5 axb2 19. Rb1 Rb8 20. O-O Qa5 21. Qg4 1-0

[Event "Czech Open Rapid 2019"]
[Site "Pardubice"]
[Date "2019.07.18"]
[Round "5.17"]
[White "Yandarbiev, Ruslan"]
[Black "Pechac, Jergus"]
[Result "0-1"]
[WhiteElo "2256"]
[BlackElo "2469"]
[Annotator "ChessBase"]
[PlyCount "114"]
[EventDate "2019.07.17"]
[EventType "swiss"]
[EventCountry "CZE"]
[SourceTitle "playchess.com"]
[Source "ChessBase"]
[SourceQuality "1"]

1. e4 e5 2. Nf3 Nc6 3. Bb5 a6 4. Ba4 b5 5. Bb3 Na5 6. O-O d6 7. d4 exd4 8. Nxd4 Bb7 9. Nf5 g6 10. Ne3 Bg7 11. Re1 Nf6 12. Nd5 Nd7 13. c3 Nxb3 14. axb3 O-O 15. Na3 Re8 16. Nc2 Nc5 17. Nce3 Nxe4 18. Ng4 Bxd5 19. Qxd5 Nxc3 20. Qd2 Qg5 21. Rxe8+ Rxe8 22. Ne3 Ne4 23. Qc2 Qc5 24. Qd3 Qd4 25. Qxd4 Bxd4 26. Rxa6 Nc5 27. Rc6 Nxb3 28. Rxc7 Kg7 29. Kf1 Nxc1 30. Rxc1 Bxe3 31. Re1 Kf6 32. fxe3 Rc8 33. Rd1 Ke5 34. Rd2 d5 35. Ke2 h5 36. h4 Rc4 37. g3 Ke4 38. b3 Rb4 39. Rd3 f6 40. Rc3 g5 41. Kf2 gxh4 42. gxh4 Ke5 43. Kg3 f5 44. Rd3 Ke4 45. Rc3 d4 46. exd4 Rxd4 47. Kf2 Rd2+ 48. Ke1 Rd3 49. Rc6 Rxb3 50. Rh6 Kf3 51. Rxh5 f4 52. Rg5 Rb1+ 53. Kd2 b4 54. h5 Rh1 55. Rb5 Kg3 56. Rxb4 f3 57. Rb8 f2 0-1

[Event "Czech Open Rapid 2019"]
[Site "Pardubice"]
[Date "2019.07.18"]
[Round "5.17"]
[White "Bzstrov, Sergej M."]
[Black "Babicka, Michal"]
[Result "1/2-1/2"]
[WhiteElo "2137"]
[BlackElo "1955"]
[Annotator "NA"]
[PlyCount "60"]
[EventDate "2019.07.17"]
[EventType "swiss"]
[EventCountry "CZE"]
[SourceTitle "playchess.com"]
[Source "ChessBase"]
[SourceQuality "1"]

1. d4 Nf6 2. Nf3 g6 3. c4 Bg7 4. Nc3 O-O 5. Bg5 d6 6. e3 c5 7. d5 Nfd7 8. Qc2 Re8 9. Be2 Qa5 10. O-O Ne5 11. Nd2 a6 12. a4 Qc7 13. h3 f5 14. Bh4 Nf7 15. f4 e5 16. dxe6 Bxe6 17. Rfe1 Nc6 18. Nf3 Nb4 19. Qd2 Bd7 20. Bf1 Bc6 21. Kh2 Re6 22. Ng5 Nxg5 23. Bxg5 h5 24. Rad1 Rae8 25. Bh4 Kf7 26. b3 Qb6 27. Nd5 Bxd5 28. cxd5 Re4 29. Bd3 Nxd3 30. Qxd3 Qb4 1/2-1/2

[Event "Czech Open Rapid 2019"]
[Site "Pardubice"]
[Date "2019.07.18"]
[Round "5.18"]
[White "Bykova, Anastasia"]
[Black "Gutman, Gennadi"]
[Result "1-0"]
[WhiteElo "2229"]
[BlackElo "2391"]
[Annotator "NA"]
[PlyCount "99"]
[EventDate "2019.07.17"]
[EventType "swiss"]
[EventCountry "CZE"]
[SourceTitle "playchess.com"]
[Source "ChessBase"]
[SourceQuality "1"]

1. d4 Nf6 2. c4 Nc6 3. Nf3 e6 4. g3 Bb4+ 5. Nbd2 d6 6. Bg2 e5 7. d5 Bxd2+ 8. Bxd2 Nb8 9. Qc2 O-O 10. O-O a5 11. b3 Qe7 12. Bg5 Na6 13. a3 h6 14. Bd2 Nc5 15. Nh4 a4 16. b4 Nb3 17. Rad1 Nd4 18. Qd3 b5 19. c5 Bg4 20. f3 Bd7 21. e3 Nb3 22. c6 Bc8 23. Bc3 Re8 24. Nf5 Bxf5 25. Qxf5 Nh7 26. Rde1 Rab8 27. Rf2 g6 28. Qc2 f5 29. Bf1 Qf7 30. Rd1 e4 31. fxe4 Rxe4 32. Qxe4 fxe4 33. Rxf7 Kxf7 34. Bg2 Ng5 35. Rf1+ Nf3+ 36. Bxf3 exf3 37. Rxf3+ Ke7 38. Bf6+ Ke8 39. Bg7 Ke7 40. Bxh6 Nd2 41. Rf4 Nc4 42. Bg5+ Ke8 43. Rf6 Nxa3 44. Rxg6 Kf7 45. Rf6+ Kg7 46. Re6 Nc2 47. Bf6+ Kf7 48. Bc3 a3 49. Rf6+ Ke7 50. Rf2 1-0

[Event "Czech Open Rapid 2019"]
[Site "Pardubice"]
[Date "2019.07.18"]
[Round "5.18"]
[White "MINDL, Josef"]
[Black "Rosko, Lubos"]
[Result "0-1"]
[WhiteElo "1986"]
[BlackElo "2309"]
[Annotator "TA"]
[PlyCount "110"]
[EventDate "2019.07.17"]
[EventType "swiss"]
[EventCountry "CZE"]
[SourceTitle "playchess.com"]
[Source "ChessBase"]
[SourceQuality "1"]

1. e4 c5 2. Nf3 d6 3. d4 cxd4 4. Qxd4 a6 5. c4 Nc6 6. Qd1 Bg4 7. Be2 g6 8. Nc3 Bg7 9. O-O Bxc3 10. bxc3 Nf6 11. h3 Bxf3 12. Bxf3 O-O 13. Rb1 Qc7 14. Bg5 Nd7 15. Be2 Rfe8 16. Qd2 Na5 17. Qd4 Ne5 18. f4 Nexc4 19. f5 b5 20. fxg6 hxg6 21. Rf2 Qc5 22. Bh6 Qxd4 23. cxd4 f6 24. Bg4 Kh7 25. Bf4 e5 26. dxe5 dxe5 27. Bg3 Kg7 28. Rbf1 Rf8 29. Re2 Rae8 30. Be1 Nc6 31. Bc3 Rd8 32. Ree1 Nd4 33. Bb4 Rfe8 34. Bc5 Ne6 35. Bxe6 Rxe6 36. Rd1 Nd6 37. Rfe1 Kf7 38. Rd5 Nb7 39. Rxd8 Nxd8 40. Rd1 Ke8 41. Rd5 Nc6 42. Kf2 Ne7 43. Rd1 Rc6 44. Bxe7 Rc2+ 45. Kf3 Kxe7 46. Ra1 b4 47. g4 g5 48. a3 Rc3+ 49. Kg2 Rxa3 50. Rc1 Kd6 51. Rc8 a5 52. Rf8 Ke7 53. Rb8 b3 54. Rb7+ Kd6 55. Rb6+ Kc5 0-1

[Event "Czech Open Rapid 2019"]
[Site "Pardubice"]
[Date "2019.07.18"]
[Round "5.19"]
[White "Mosesov, Danylo"]
[Black "Votava, Jan"]
[Result "1-0"]
[WhiteElo "2353"]
[BlackElo "2521"]
[Annotator "TA"]
[PlyCount "97"]
[EventDate "2019.07.17"]
[EventType "swiss"]
[EventCountry "CZE"]
[SourceTitle "playchess.com"]
[Source "ChessBase"]
[SourceQuality "1"]

1. e4 e5 2. Nf3 Nc6 3. Nc3 Nf6 4. Bb5 Bd6 5. O-O O-O 6. d3 Re8 7. Bg5 h6 8. Bh4 a6 9. Bc4 Be7 10. Bxf6 Bxf6 11. Nd5 d6 12. c3 Be6 13. Ne3 Bg5 14. Nxg5 Qxg5 15. Kh1 Bxc4 16. dxc4 Rab8 17. b4 Nd8 18. Qg4 Qxg4 19. Nxg4 Ne6 20. Rfd1 h5 21. Ne3 g6 22. a4 Kg7 23. Kg1 a5 24. Nc2 Ra8 25. f3 b6 26. Kf2 f5 27. exf5 gxf5 28. Ne3 Kg6 29. Nd5 Rab8 30. Rab1 Ra8 31. Ra1 h4 32. g3 hxg3+ 33. hxg3 Rh8 34. Kg2 Rh7 35. Rh1 Rxh1 36. Kxh1 Kg5 37. Kg2 f4 38. g4 e4 39. fxe4 Kxg4 40. Kf2 Rf8 41. Rg1+ Kh5 42. Ne7 Rf7 43. Nf5 axb4 44. cxb4 f3 45. Kxf3 Nd4+ 46. Ke3 Nxf5+ 47. exf5 Rxf5 48. Rg7 c5 49. Rb7 1-0

[Event "Czech Open Rapid 2019"]
[Site "Pardubice"]
[Date "2019.07.18"]
[Round "5.19"]
[White "MEDVEDYK, Volodymyr"]
[Black "KARSAY, Pascal"]
[Result "1-0"]
[WhiteElo "1981"]
[BlackElo "2169"]
[Annotator "NA"]
[PlyCount "81"]
[EventDate "2019.07.17"]
[EventType "swiss"]
[EventCountry "CZE"]
[SourceTitle "playchess.com"]
[Source "ChessBase"]
[SourceQuality "1"]

1. c4 Nf6 2. g3 e6 3. Bg2 d5 4. d4 dxc4 5. Nf3 Nc6 6. O-O a6 7. Bg5 Be7 8. e3 Rb8 9. Nfd2 Na5 10. Qa4+ c6 11. Nxc4 Nxc4 12. Qxc4 O-O 13. Nd2 h6 14. Bxf6 Bxf6 15. Rfd1 g6 16. Nb3 Qe7 17. e4 e5 18. d5 cxd5 19. exd5 Rd8 20. Rac1 Bg5 21. Rc3 b5 22. Qe2 b4 23. Rc5 Rb6 24. h4 Bf6 25. Qc4 Bd7 26. Rc7 Bb5 27. Qc2 Rd7 28. Rc8+ Kg7 29. Rc1 Ba4 30. Qc5 Qd6 31. Qe3 Bxb3 32. Qxb3 Be7 33. R1c6 Rxc6 34. Rxc6 Qb8 35. Rxa6 Qb5 36. Rc6 Qe2 37. Qc2 Qe1+ 38. Kh2 Bd6 39. Rc4 h5 40. Rc8 f5 41. Qc6 1-0

[Event "Czech Open Rapid 2019"]
[Site "Pardubice"]
[Date "2019.07.18"]
[Round "5.20"]
[White "Novotny, Michal"]
[Black "Petr, Martin"]
[Result "1-0"]
[WhiteElo "2326"]
[BlackElo "2459"]
[Annotator "ChessBase"]
[PlyCount "93"]
[EventDate "2019.07.17"]
[EventType "swiss"]
[EventCountry "CZE"]
[SourceTitle "playchess.com"]
[Source "ChessBase"]
[SourceQuality "1"]

1. d4 Nf6 2. Nf3 g6 3. Nc3 d5 4. Bf4 c6 5. e3 Bg7 6. Be2 Bf5 7. Ne5 Nbd7 8. g4 Be6 9. h4 h5 10. f3 hxg4 11. fxg4 Ne4 12. h5 Qb6 13. Nxd7 Bxd7 14. Nxe4 dxe4 15. h6 Bf6 16. Kf2 g5 17. Bg3 O-O-O 18. c3 e5 19. Qb3 Qc7 20. Kg2 Be6 21. Qa4 Qb6 22. Raf1 Qxb2 23. Rf2 exd4 24. cxd4 Bxd4 25. exd4 e3 26. Qa5 Qb6 27. Qxb6 axb6 28. Rff1 Bd5+ 29. Bf3 Bc4 30. Rd1 f6 31. Be4 Bd5 32. Bxd5 Rxd5 33. Kf3 Rd7 34. Rh2 Re7 35. Ke2 Re4 36. d5 Rxg4 37. Kf3 Rc4 38. d6 Kd7 39. h7 f5 40. Be5 g4+ 41. Kg3 e2 42. Re1 f4+ 43. Kxg4 f3+ 44. Kxf3 Rf8+ 45. Kg2 Rg4+ 46. Kh3 Rg1 47. Rxg1 1-0

[Event "Czech Open Rapid 2019"]
[Site "Pardubice"]
[Date "2019.07.18"]
[Round "5.20"]
[White "Taranik, Olexiy"]
[Black "MOROZOV, Mikhail M."]
[Result "1/2-1/2"]
[WhiteElo "2124"]
[BlackElo "1944"]
[Annotator "NA"]
[PlyCount "68"]
[EventDate "2019.07.17"]
[EventType "swiss"]
[EventCountry "CZE"]
[SourceTitle "playchess.com"]
[Source "ChessBase"]
[SourceQuality "1"]

1. e4 e6 2. Nf3 d5 3. Nc3 dxe4 4. Nxe4 Bd7 5. Ne5 Nc6 6. Nxd7 Qxd7 7. g3 Be7 8. Bg2 Nf6 9. O-O O-O 10. c3 Nxe4 11. Bxe4 Bf6 12. d4 Rab8 13. Qa4 b5 14. Qc2 g6 15. Rd1 Ne7 16. b3 c6 17. Ba3 Rfe8 18. Bxe7 Bxe7 19. b4 a6 20. f4 Kg7 21. a4 Ra8 22. Ra2 Rac8 23. Qb3 Bf6 24. axb5 axb5 25. Ra6 Rc7 26. Rda1 Bxd4+ 27. Kg2 Bf6 28. Rd1 Qc8 29. Qa3 Rd8 30. Rxd8 Qxd8 31. Rxc6 Rxc6 32. Bxc6 Qd2+ 33. Kh3 Bxc3 34. Bxb5 Bxb4 1/2-1/2

[Event "Czech Open Rapid 2019"]
[Site "Pardubice"]
[Date "2019.07.18"]
[Round "5.21"]
[White "Nun, Jiri"]
[Black "Lalic, Bogdan"]
[Result "1/2-1/2"]
[WhiteElo "2296"]
[BlackElo "2479"]
[Annotator "ChessBase"]
[PlyCount "36"]
[EventDate "2019.07.17"]
[EventType "swiss"]
[EventCountry "CZE"]
[SourceTitle "playchess.com"]
[Source "ChessBase"]
[SourceQuality "1"]

1. e4 c5 2. Nf3 d6 3. c3 Nf6 4. Be2 g6 5. O-O Bg7 6. Bb5+ Nc6 7. Re1 O-O 8. h3 Ne5 9. d4 Nxf3+ 10. Qxf3 cxd4 11. cxd4 Qb6 12. Qd3 Nxe4 13. Rxe4 Bf5 14. Nc3 d5 15. Nxd5 Bxe4 16. Qxe4 Qxb5 17. Nc7 Qb4 18. Nxa8 Rxa8 1/2-1/2

[Event "Czech Open Rapid 2019"]
[Site "Pardubice"]
[Date "2019.07.18"]
[Round "5.21"]
[White "Zpevakova, Jana"]
[Black "Ret, Adam Josef"]
[Result "1-0"]
[WhiteElo "2109"]
[BlackElo "1943"]
[Annotator "NA"]
[PlyCount "61"]
[EventDate "2019.07.17"]
[EventType "swiss"]
[EventCountry "CZE"]
[SourceTitle "playchess.com"]
[Source "ChessBase"]
[SourceQuality "1"]

1. d4 Nf6 2. c4 g6 3. Nc3 d5 4. cxd5 Nxd5 5. Bd2 Bg7 6. Nf3 O-O 7. Rc1 Nxc3 8. Bxc3 Bg4 9. e3 Nd7 10. h3 Bf5 11. Bc4 c6 12. Qe2 Be4 13. O-O Nb6 14. Bb3 Bd5 15. Nd2 f5 16. Bc2 Qd6 17. b3 e5 18. Nc4 Bxc4 19. bxc4 exd4 20. Rfd1 c5 21. exd4 Rae8 22. Qf3 Nxc4 23. dxc5 Qxc5 24. Bxg7 Kxg7 25. Qxb7+ Rf7 26. Qa6 Qc8 27. Qb5 Rb7 28. Qd5 Ne5 29. Ba4 Qe6 30. Bxe8 Qxe8 31. Qxb7+ 1-0